[Event "Skilling Open CCT 2021"]
[Site "Online"]
[Date "2020.11.19"]
[Round "14.5"]
[White "Le, Quang Liem"]
[Black "Anton Guijarro, David"]
[Result "1-0"]
[WhiteElo "2744"]
[BlackElo "2667"]
[Annotator "TA"]
[PlyCount "63"]
[EventDate "2020.11.20"]
[EventType "tourn"]
[EventCountry "NET"]
[Tiebreak "Koya+Number of black wins+Number of wins"]
[SourceTitle "playchess.com"]
[Source "ChessBase"]
[SourceQuality "1"]

{[%evp 29,63,26,31,32,34,32,26,20,32,25,29,20,32,26,26,21,41,33,173,208,202,
204,204,145,208,208,302,301,731,776,29981,29980,29955,12453,6287,6287]} 1. e4
e5 2. Nf3 Nc6 3. Bb5 a6 4. Ba4 Nf6 5. O-O Nxe4 6. d4 b5 7. Bb3 d5 8. dxe5 Be6
9. Nbd2 Be7 10. c3 O-O 11. Bc2 f5 12. Nb3 Qd7 13. Nfd4 Nxd4 14. Nxd4 c5 15.
Nxe6 Qxe6 16. f3 {C83: Open Ruy Lopez: 9 c3 Be7.} Ng5 17. Bxg5 Bxg5 18. f4 {
White has an edge.} Be7 19. Qf3 Rad8 20. Rfd1 g6 21. Rd2 Rd7 22. Rad1 {[%cal
Rd2d5]} Rfd8 23. h3 $36 {[%mdl 2048] White has good play.} h5 {[#] A mistake
that costs the game.} (23... c4 $14) 24. g4 $1 $18 {[%cal Rg4f5]} hxg4 25. hxg4
fxg4 {[#]} 26. Qh1 $1 {aiming for Rh2.} Bf8 (26... c4 $16 {might work better.})
27. Qh4 {[%mdl 1024] [#] White has strong compensation.} Bg7 $146 (27... Re8 {
was called for.} 28. Rg2 (28. Rh2 Rg7 $16) 28... Rg7 29. Rxg4 c4) ({
Predecessor:} 27... c4 28. Rh2 Bg7 29. Qh7+ Kf8 30. Qxg6 Qxg6 31. Bxg6 d4 32.
Kg2 dxc3 33. Rxd7 Rxd7 34. bxc3 {1-0 (48) Hovhannisyan,R (2641)-Hakobyan,A 
(2582) Yerevan 2020}) 28. Qg5 ({Don't do} 28. Rh2 $6 c4 $18) 28... Kf7 $2 (
28... Rf8 29. Bxg6 Rxf4) 29. Re2 Re7 {[#]} 30. f5 $1 {[%mdl 512]} gxf5 31. Bxf5
{[%mdl 64] Double Attack} Qh6 {[#]} 32. Bg6+ $1 {[%mdl 512] Weighted Error
Value: White=0.01/Black=0.86} 1-0

[Event "Skilling Open CCT 2021"]
[Site "Online"]
[Date "2020.11.19"]
[Round "14.6"]
[White "Vidit, Santosh Gujrathi"]
[Black "Radjabov, Teimour"]
[Result "1/2-1/2"]
[WhiteElo "2636"]
[BlackElo "2758"]
[Annotator "TA"]
[PlyCount "61"]
[EventDate "2020.11.20"]
[EventType "tourn"]
[EventCountry "NET"]
[Tiebreak "Koya+Number of black wins+Number of wins"]
[SourceTitle "playchess.com"]
[Source "ChessBase"]
[SourceQuality "1"]

{[%evp 18,61,24,0,24,0,0,0,35,14,20,22,38,17,29,12,6,4,25,0,0,5,14,0,0,2,0,
-100,-114,-106,-106,-98,-101,-266,-267,-518,0,0,0,0,0,0,0,0,0,0]} 1. c4 g6 2.
g3 Bg7 3. Bg2 e5 4. Nc3 Nc6 5. e3 d6 6. Nge2 Nge7 7. d3 O-O 8. Rb1 a5 9. a3 Be6
10. Nd5 f5 {A25: English Opening vs King's Indian with ...Nc6 but without
early d3.} 11. b4 axb4 12. axb4 {[%cal Ba3b4,Bb4b5][%mdl 32] [#]} Bf7 $146 ({
Predecessor:} 12... Bxd5 13. cxd5 Na7 14. O-O Qd7 15. b5 Nac8 16. Qb3 Nb6 17.
Bd2 h6 18. Rfc1 Kh7 {1-0 (42) Ribbegren,K (2239)-Andreasen,J (2229) Saint
Peter Port 2015}) 13. b5 Na5 14. O-O c6 15. Nxe7+ Qxe7 16. bxc6 bxc6 17. Bd2 e4
18. Nd4 c5 19. Nb5 Nc6 {[%cal Ba5c6,Bc6e5,Be5d3][%mdl 32]} 20. dxe4 fxe4 21.
Qc2 Ne5 22. Bxe4 (22. Bc3 $11 {remains equal.}) 22... Bxc4 $17 {Strongly
threatening ...d5.} 23. Bxa8 Rxa8 24. f4 Ra2 {[%mdl 1024] Black has strong
compensation.} 25. Qd1 $2 {[#]} (25. Qe4 $17 {was necessary.} d5 26. Qg2) 25...
Nd3 $1 $19 {Hoping for ...Bd5.} ({Weaker is} 25... Bxf1 26. fxe5 Bh3 27. Nxd6
$11) 26. f5 $2 {[#]} (26. Rb3 Rb2 27. Rxb2 Nxb2 {[%mdl 64] Discovered Attack}
28. Qf3 Bxb5 29. Ra1) 26... Bh6 $2 (26... Bd5 $1 $19 27. Nc3 Bxc3 28. Rb8+ Kf7
29. fxg6+ Kxg6 30. Qg4+ Qg5 31. Qxg5+ Kxg5) 27. Rf3 $1 $11 {The position is
equal.} Ne5 28. Rf2 Nd3 29. Rf3 $1 Ne5 {And now ...Rxd2 would win.} 30. Rf2 Nd3
31. Rf3 $1 {Weighted Error Value: White=0.36/Black=0.23} 1/2-1/2

[Event "Skilling Open CCT 2021"]
[Site "Online"]
[Date "2020.11.19"]
[Round "14.7"]
[White "So, Wesley"]
[Black "Carlsen, Magnus"]
[Result "1/2-1/2"]
[WhiteElo "2741"]
[BlackElo "2881"]
[Annotator "TA"]
[PlyCount "42"]
[EventDate "2020.11.20"]
[EventType "tourn"]
[EventCountry "NET"]
[Tiebreak "Koya+Number of black wins+Number of wins"]
[SourceTitle "playchess.com"]
[Source "ChessBase"]
[SourceQuality "1"]

{[%evp 15,42,23,11,6,16,15,16,8,17,16,22,25,17,10,14,7,4,2,11,0,0,0,0,0,0,0,0,
0,0]} 1. d4 Nf6 2. c4 e6 3. Nc3 Bb4 4. Qc2 d5 5. a3 Bxc3+ 6. Qxc3 O-O 7. Nf3
dxc4 8. Qxc4 b6 9. Bg5 {E36: Nimzo-Indian: Classical: 4...d5 5 a3.} Bb7 10. Rd1
Nbd7 11. Ne5 h6 12. Nxd7 Qxd7 13. Bxf6 gxf6 14. d5 {[#] The position is equal.}
exd5 $146 ({Predecessor:} 14... Bxd5 15. Qf4 Kh7 16. Qxf6 Qd8 17. Qxd8 Rfxd8
18. e3 Rd6 19. Bd3+ Kh8 20. Bf1 Rad8 {1-0 (52) Sethuraman,S (2617)-Gelfand,B 
(2737) Douglas 2017}) 15. Qf4 Kh7 16. e3 c5 17. Bd3+ Kg7 18. Qg3+ Kh8 19. Qf4
Kg7 20. Qg3+ Kh8 21. Qf4 Kg7 {Not much happened in this game.  Weighted Error
Value: White=0.01/Black=0.03} 1/2-1/2

[Event "Skilling Open CCT 2021"]
[Site "Online"]
[Date "2020.11.19"]
[Round "14.8"]
[White "Svidler, Peter"]
[Black "Nepomniachtchi, Ian"]
[Result "0-1"]
[WhiteElo "2742"]
[BlackElo "2778"]
[Annotator "TA"]
[PlyCount "112"]
[EventDate "2020.11.20"]
[EventType "tourn"]
[EventCountry "NET"]
[Tiebreak "Koya+Number of black wins+Number of wins"]
[SourceTitle "playchess.com"]
[Source "ChessBase"]
[SourceQuality "1"]

{[%evp 10,112,33,19,19,22,14,1,16,-17,2,0,0,-4,0,-3,-20,-39,-30,-29,-33,-27,
-28,-32,-24,-36,-40,-46,-55,-97,0,-73,-73,-92,-71,-90,0,0,0,-5,-5,-17,-10,-40,
-40,-47,-34,-79,-66,-56,-41,-34,-25,-30,-16,-15,-12,-57,-57,-68,-71,-41,-50,
-39,-30,-23,-31,-760,-59,-55,-45,-48,-49,-47,-40,-44,-22,-220,-216,-223,-224,
-224,-224,-225,-224,-224,-224,-224,-224,-223,-223,-223,-223,-209,-223,-222,
-222,-454,-442,-538,-516,-802,-777,-627,-563]} 1. e4 c5 2. Nf3 d6 3. d4 cxd4 4.
Nxd4 Nf6 5. Nc3 a6 6. Nb3 e6 {B90: Sicilian Najdorf: Unusual White 6th moves,
6 Be3 Ng4 and 6 Be3 e5.} 7. g4 b5 8. Bg2 Bb7 {The position is equal.} 9. g5
Nfd7 10. h4 b4 11. Ne2 Nc6 12. f4 h6 13. Be3 hxg5 14. hxg5 Rxh1+ 15. Bxh1 {[#]}
a5 $146 ({Predecessor:} 15... g6 16. Nbd4 e5 17. Nxc6 Bxc6 18. Qd2 Qb8 19.
O-O-O Qb7 20. Ng3 a5 21. f5 a4 {1-0 (49) Lomasov,S (2559)-Colovic,A (2449)
Skopje 2019}) 16. Ned4 Nxd4 17. Nxd4 Nc5 18. Qg4 g6 ({Inferior is} 18... Nxe4
19. f5 $16) ({Of course not} 18... Bxe4 $6 19. Bxe4 Nxe4 20. f5 $14) 19. O-O-O
{White wants to play f5.} Qd7 ({Better is} 19... Nxe4 $17 20. Nxe6 Qc8 {
[%mdl 64] Pin}) 20. e5 (20. f5 $1 $11) 20... Bxh1 $17 21. Rxh1 dxe5 22. fxe5
Qd5 (22... Rc8 $17) 23. Qf3 $1 $11 Rd8 24. Qxd5 (24. Rh7 {seems wilder.} Qxf3
25. Nxf3 Ne4 26. Rh8 a4 27. Nd2) 24... Rxd5 25. Nf3 Nd7 26. Bf4 Bc5 27. Rd1 Nb6
28. c3 bxc3 29. bxc3 Kd7 30. Nd2 Kc6 31. Kc2 Rd7 32. Rf1 Nd5 {Threatens to win
with ...Be3.} 33. Nc4 Kb5 34. Nd6+ Bxd6 35. exd6 $15 {[%mdl 4096] Endgame
KRB-KRN} Kc6 36. Bd2 Kxd6 37. c4 Rc7 38. Bxa5 $2 {[%mdl 8192] [#]} (38. Kd3 $15
Nb4+ {[%mdl 64] Double Attack} 39. Kc3) 38... Rxc4+ $2 ({Black should play} 
38... Ne3+ $19 39. Kc3 Nxf1 40. Bxc7+ Kxc7) 39. Kb3 Rg4 40. Rxf7 Rxg5 41. a4
Rg3+ 42. Kc4 Kc6 43. Be1 $2 {[#]} (43. Rf8 $11) 43... Ra3 $1 $19 {...Ne3+ is
the strong threat.} 44. Bd2 Rxa4+ 45. Kd3 Kd6 46. Ke2 Ke5 47. Rg7 Kf5 48. Rf7+
Ke4 49. Rg7 Ra2 50. Ke1 Kf5 51. Rf7+ Nf6 52. Bc3 e5 53. Re7 $2 (53. Bb4 {
only move.}) 53... Ng4 {Black is clearly winning.} 54. Re8 g5 55. Bd2 (55. Rf8+
$142 Ke4 56. Bb4) 55... Nh2 56. Rf8+ Ke4 {Weighted Error Value: White=0.46/
Black=0.18} 0-1

[Event "Skilling Open CCT 2021"]
[Site "Online"]
[Date "2020.11.19"]
[Round "15.3"]
[White "Radjabov, Teimour"]
[Black "So, Wesley"]
[Result "1/2-1/2"]
[WhiteElo "2758"]
[BlackElo "2741"]
[Annotator "TA"]
[PlyCount "79"]
[EventDate "2020.11.20"]
[EventType "tourn"]
[EventCountry "NET"]
[Tiebreak "Koya+Number of black wins+Number of wins"]
[SourceTitle "playchess.com"]
[Source "ChessBase"]
[SourceQuality "1"]

{[%evp 18,79,0,0,0,0,0,0,0,0,0,0,0,0,0,0,0,0,0,0,0,0,29,0,0,0,0,0,0,0,0,0,0,0,
0,0,0,0,0,0,0,0,0,0,0,0,0,0,0,0,0,-22,0,0,0,0,0,0,0,0,0,0,0,0]} 1. d4 Nf6 2. c4
g6 3. Nc3 d5 4. Nf3 Bg7 5. Bf4 O-O 6. e3 c5 7. dxc5 Qa5 8. Rc1 dxc4 9. Bxc4
Qxc5 10. Qb3 {Nb5 is the strong threat.} Nc6 {D93: Grünfeld: 4 Nf3 Bg7 5 Bf4
0-0 6 e3.} 11. O-O Na5 12. Qb5 Qxc4 13. Qxa5 b6 14. Qa3 Re8 15. Rfd1 Qa6 $1 16.
Qb4 {And now Nb5 would win.} Bb7 17. Ne5 Rac8 $1 18. h3 Rc5 19. a4 e6 {[#]} 20.
Nd3 $146 ({Predecessor:} 20. Qa3 Nd5 21. Nb5 Rec8 22. Rxc5 bxc5 23. Bg3 f6 24.
Nd7 Qc6 25. Nb8 Qe8 26. Nd6 {1-0 (26) Bouguern,A (1850)-Koronowski,H (1917)
LSS email 2013}) 20... Rc4 {The position is equal.} 21. Qb5 Qxb5 22. Nxb5 Rxc1
({Worse is} 22... Rxa4 23. Nd6 $18) 23. Rxc1 Rd8 24. Rc7 Ba6 (24... Rxd3 25.
Rxb7 h5 26. Nxa7 $11 (26. Rxa7 Nd5 $11)) 25. Nb4 Bxb5 26. axb5 Nh5 27. Nc6 Rd1+
28. Kh2 {[#] Rc8+ would kill now.} Nxf4 29. Rc8+ Bf8 {Hoping for ...Nd3.} 30.
exf4 $11 {[%mdl 4096] Endgame KRB-KRN} Kg7 31. Ra8 Bd6 32. g3 Rd2 33. Rxa7
Rxf2+ 34. Kg1 Bc5 {aiming for ...Rxf4+.} 35. b4 Be3 {Black wants to play ...
Rxf4+.} 36. Ra3 Rf3+ 37. Kg2 Rf2+ 38. Kg1 Rf3+ 39. Kg2 Rf2+ 40. Kg1 {Not much
happened in this game.  Weighted Error Value: White=0.02/Black=0.02} 1/2-1/2

[Event "Skilling Open CCT 2021"]
[Site "Online"]
[Date "2020.11.19"]
[Round "15.4"]
[White "Anton Guijarro, David"]
[Black "Vidit, Santosh Gujrathi"]
[Result "0-1"]
[WhiteElo "2667"]
[BlackElo "2636"]
[Annotator "TA"]
[PlyCount "124"]
[EventDate "2020.11.20"]
[EventType "tourn"]
[EventCountry "NET"]
[Tiebreak "Koya+Number of black wins+Number of wins"]
[SourceTitle "playchess.com"]
[Source "ChessBase"]
[SourceQuality "1"]

{[%evp 13,123,0,0,-13,7,-1,13,-33,12,11,13,34,31,29,52,56,94,96,113,19,87,86,
131,136,174,153,162,153,164,125,117,129,127,109,129,124,147,116,107,112,149,
127,141,127,129,82,100,93,75,93,187,181,179,164,168,24,31,-44,-59,-102,-102,
-125,-99,-108,-81,-84,-100,-100,-100,-79,0,-62,-39,-233,-186,-220,-210,-206,
-219,-209,-218,-1548,-200,-1522,-1538,-1007,-552,-493,-504,-602,-601,-598,-598,
-577,-575,-576,-534,-654,-647,-645,-593,-578,-561,-623,-527,-479,-472,-29997,
-29998,-29998,-29999,-29999]} 1. d4 Nf6 2. c4 e6 3. Nc3 Bb4 4. e3 O-O 5. Bd2 d5
6. Nf3 b6 7. cxd5 exd5 8. Bd3 {E51: Nimzo-Indian: Rubinstein: 4...0-0 5 Nf3 d5.
} Re8 9. O-O Bd6 10. Rc1 {The position is equal.} a6 {[#]} 11. Ne5 $146 ({
Predecessor:} 11. Ne2 Ne4 12. Ng3 Bg4 13. Be2 Nd7 14. Bc3 Nxc3 15. bxc3 h5 16.
Nd2 Bxe2 17. Qxe2 {1/2-1/2 (35) Swiercz,D (2659)-Tan,J (2511) chess.com INT
2020}) 11... Bxe5 12. dxe5 Rxe5 13. e4 $1 Bg4 14. Qc2 {[%mdl 1024] White has
compensation.} d4 15. Nd5 c5 16. Bf4 (16. Nxf6+ $1 $16 Qxf6 17. f4) 16... Rh5 (
16... Nxd5 $11 {keeps the balance.} 17. exd5 (17. Bxe5 Nb4 $11 {[%mdl 64]
Double Attack}) 17... Rxd5) 17. f3 $16 Be6 18. Nc7 Ra7 19. Nxe6 fxe6 20. g4 e5
21. Bg3 ({Don't play} 21. gxh5 $6 exf4 22. b4 Nbd7 $16) 21... Rg5 22. h4 Rg6
23. Bxe5 Nc6 {And now ...Nxg4 would win.} 24. Bh2 Nb4 25. Bc4+ Kh8 26. Qd2 $36
{[%mdl 2048] Keeping Black busy.} Qe7 27. Qf4 {Black must now prevent h5!} Ra8
28. a3 Nc6 29. Kh1 Rf8 {[#] Threatens to win with ...Nxg4.} 30. Qc7 $1 ({
Don't blunder} 30. Bxa6 $2 Nxg4 31. Qc7 Qe8 $19) 30... Qxc7 31. Bxc7 Nd7 (31...
b5 $16) 32. Bxa6 $18 Nce5 33. Bb5 Rc8 34. Bxd7 (34. Bxe5 $18 Nxe5 35. Kh2)
34... Rxc7 $11 35. Bf5 (35. Bb5 $14) 35... Rh6 $15 36. Kh2 {[#]} g6 $1 ({
Weaker is} 36... Rxh4+ 37. Kg3 $16) 37. g5 Rxh4+ 38. Bh3 {With the idea Kg3.}
Rf7 39. Kg3 Rhf4 {[%cal Rf4f3]} 40. Bg2 c4 41. a4 Kg7 ({Black should try} 41...
h6 $17 42. gxh6 g5) 42. Rfd1 ({White should play} 42. Rcd1 $11) 42... d3 43. b3
$2 (43. Rf1 $1 $15) 43... cxb3 44. Rb1 Nxf3 45. Rxd3 Nxg5 46. Re3 h5 {aiming
for ...Rg4+.} 47. e5 $2 (47. Rbxb3 Rf2 48. Kh2) 47... Rg4+ $19 48. Kh2 Rf2 49.
Rg3 Rxg3 50. Kxg3 {[%mdl 4096] Endgame KRB-KRN} Rd2 51. Rxb3 {[#]} h4+ $1 {
[%mdl 576] Deflection} 52. Kxh4 Rxg2 53. Rxb6 {KRN-KR} Nf3+ 54. Kh3 Re2 55. a5
Nxe5 56. a6 Ra2 57. Kg3 Kh6 58. Rd6 Ra3+ 59. Kh4 Nd3 {( -> ...Nf2)} 60. a7 (60.
Kg4 $19) 60... Nf2 {[%csl Gf2][%cal Ra3h3] Black mates.} 61. Rxg6+ Kxg6 {
[%csl Gf2][%cal Ra3h3]} 62. a8=Q Rh3# {What a bad dream for White.  Weighted
Error Value: White=0.39/Black=0.24} 0-1

[Event "Skilling Open CCT 2021"]
[Site "Online"]
[Date "2020.11.19"]
[Round "15.5"]
[White "Firouzja, Alireza"]
[Black "Le, Quang Liem"]
[Result "0-1"]
[WhiteElo "2703"]
[BlackElo "2744"]
[Annotator "TA"]
[PlyCount "160"]
[EventDate "2020.11.20"]
[EventType "tourn"]
[EventCountry "NET"]
[Tiebreak "Koya+Number of black wins+Number of wins"]
[SourceTitle "playchess.com"]
[Source "ChessBase"]
[SourceQuality "1"]

{[%evp 13,160,35,37,45,31,31,32,23,35,30,41,32,32,20,39,39,40,52,52,0,0,0,8,0,
0,4,11,-6,-8,-14,24,0,18,14,33,25,30,24,58,42,34,9,10,0,0,-1,-1,-1,-3,-3,-3,-3,
-3,-3,-3,-3,-6,-19,-26,-38,-42,-49,-47,-47,-43,-60,-62,-78,-50,-56,-48,-43,-39,
-53,-26,-19,-20,-78,-78,-78,-75,-121,-127,-127,-83,-103,-82,-150,-123,-123,-75,
-105,-94,-154,-105,-161,-112,-229,-227,-221,-210,-314,-314,-308,-127,-316,-306,
-320,-321,-1218,-1052,-29970,-312,-320,-320,-444,-450,-2381,-2245,-1658,-462,
-462,-462,-421,-414,-366,-320,-29975,-29976,-29976,-29977,-29977,-29978,-29978,
-29979,-29979,-29980,-29980,-29980,-29980,-29980,-29980,-29979,-29979,-29980,
-29980,-29981,-29981,-29982]} 1. Nf3 Nf6 2. g3 d5 3. Bg2 Bf5 4. O-O c6 5. d3 h6
6. c4 e6 7. cxd5 exd5 8. Qb3 {A11: English Opening: 1...c6.} Qb6 9. Qc2 Be7 10.
Nc3 {White is slightly better.} O-O 11. e4 Bh7 {11...dxe4 deserves study.} 12.
Be3 Qa6 13. Rfd1 Nbd7 14. exd5 cxd5 15. Qb3 Rfd8 {[#]} 16. Qb5 $146 ({
Predecessor:} 16. d4 Qb6 17. Nxd5 Nxd5 18. Qxd5 Qxb2 19. Ne1 Nc5 20. Qc4 Ne4
21. Rdb1 Qa3 22. Rb3 {1-0 (41) Banusz,T (2618)-Braeuer,F (2423) Karlsruhe 2018}
) 16... Qxb5 17. Nxb5 a6 18. Nc3 Rac8 19. Bh3 g5 {White must now prevent ...g4.
} 20. Nd4 g4 21. Bf1 Kg7 22. Bf4 Bc5 23. Nb3 d4 24. Ne2 Bb6 25. Bg2 Nc5 26.
Nxc5 ({Of course not} 26. Nbxd4 Nxd3 27. Be3 (27. Bxb7 Bxd4 28. Rxd3 Bxd3 $15)
27... Nd5 $15) (26. Nexd4 Nxd3 27. Be3 (27. Bxb7 Nxf4 28. gxf4 Rc7 $15) 27...
Nxb2 $15) 26... Rxc5 27. Rac1 Rxc1 28. Bxc1 Nd5 29. Nf4 Nxf4 30. Bxf4 Rd7 31.
f3 h5 32. fxg4 hxg4 33. h3 gxh3 34. Bxh3 Re7 35. Kf2 Bc7 36. Bxc7 Rxc7 $11 {
[%mdl 4096] Endgame KRB-KRB} 37. Rd2 Kf6 38. Bg2 b6 39. Kf3 Kg5 40. Kf2 Re7 41.
Bf1 Re6 42. Be2 Rc6 43. Bf3 Rf6 44. Kg2 Re6 45. Kf2 (45. Bb7 $11) 45... Re3 $17
46. Be2 Bf5 47. Kg2 Bg4 48. Bf1 Re1 49. Kf2 Rb1 50. a3 (50. Rc2 $142) 50... a5
51. Bg2 Be6 52. Bc6 Rc1 53. Bf3 (53. Ba4 $142) 53... Bf5 54. Bd5 (54. Kg2 $17)
54... f6 55. Be4 (55. Kg2 $17) 55... Bh3 $1 $19 56. Bf3 f5 $1 57. Be2 (57. Bg2
{was worth a try.} Bxg2 58. Kxg2) 57... Rh1 58. Bf3 Rf1+ 59. Ke2 {This costs
White the game.} f4 60. gxf4+ Kxf4 61. Be4 $2 {Cut Off at move 61} (61. Bh5)
61... Kg3 62. b4 Ra1 $2 (62... Rb1 {mates} 63. Ra2 Be6 64. bxa5 bxa5 65. Kd2
Bxa2 66. Kc2 Rb3 67. Bg6 a4 68. Be8 Bb1+ 69. Kc1 Bxd3 70. Bxa4 Rxa3 71. Be8 Bc4
72. Bg6 Ra1+ 73. Kb2 Ra2+ 74. Kb1 Kf4 75. Be8 Ke3 76. Bb5 Bb3 77. Bf1 d3 78.
Bh3 Kd4 79. Bg4 Kc3 80. Bd1 d2 81. Bxb3 Ra1+ $1 {[%mdl 576] Back Rank,
Promotion} 82. Kxa1 Kxb3 83. Kb1 d1=Q#) 63. Rb2 {[#]} a4 $1 ({Not} 63... Rxa3
64. bxa5 bxa5 65. Bd5 $15) 64. b5 Rxa3 65. Rb4 (65. Bd5 $142 Bf5 66. Bc4) 65...
Ra2+ 66. Kd1 a3 (66... Be6 $142 {Threatens to win with ...a3.} 67. Ke1 a3 68.
Rxd4 Rb2) 67. Bd5 Bg4+ 68. Kc1 Ra1+ 69. Kc2 a2 70. Ra4 $2 (70. Bxa2 $19 Rxa2+
71. Kc1) 70... Bd1+ {[%mdl 64] Skewer. Black mates.} 71. Kb2 Bxa4 72. Kxa1 Bxb5
73. Kxa2 Bxd3 {KB-KB} 74. Kb3 Kf2 75. Kb4 Ke3 76. Bb3 Be2 77. Ba4 {[#]} b5 $1
78. Bb3 {[#]} (78. Bxb5 Bxb5) 78... Bc4 $1 79. Bd1 (79. Bxc4 bxc4) 79... Kd2
80. Bf3 d3 {Weighted Error Value: White=0.15/Black=0.08} 0-1

[Event "Skilling Open CCT 2021"]
[Site "Online"]
[Date "2020.11.19"]
[Round "15.6"]
[White "Aronian, Levon"]
[Black "Nakamura, Hikaru"]
[Result "1/2-1/2"]
[WhiteElo "2778"]
[BlackElo "2829"]
[Annotator "TA"]
[PlyCount "66"]
[EventDate "2020.11.20"]
[EventType "tourn"]
[EventCountry "NET"]
[Tiebreak "Koya+Number of black wins+Number of wins"]
[SourceTitle "playchess.com"]
[Source "ChessBase"]
[SourceQuality "1"]

{[%evp 16,66,8,8,18,6,13,0,8,-5,-5,-10,-8,-8,-10,-14,-12,-20,0,-2,-2,-6,0,0,0,
-5,-3,-7,-5,-10,-8,-8,-5,-8,0,0,0,0,0,0,0,0,0,0,0,0,0,0,0,0,0,0,0]} 1. e4 e5 2.
Nf3 Nc6 3. Bb5 Nf6 4. O-O Nxe4 5. Re1 Nd6 6. Nxe5 Be7 7. Bf1 Nxe5 8. Rxe5 O-O
9. d4 {The position is equal.} Ne8 {C67: Ruy Lopez: Berlin Defence: 4 0-0 Nxe4.
} 10. Re1 d5 11. Bf4 Bd6 12. Bxd6 Nxd6 13. Bd3 Bf5 14. Bxf5 Nxf5 15. c3 Re8 16.
Nd2 c6 17. Rxe8+ Qxe8 18. Nf3 {[#]} f6 $146 ({Predecessor:} 18... Nd6 19. Qc2
Qd7 20. Re1 Re8 21. Rxe8+ Qxe8 22. Kf1 f6 23. Qe2 Qxe2+ 24. Kxe2 Kf7 {1/2-1/2 
(36) Ni,H (2703)-Ding,L (2749) Danzhou 2015}) 19. Qc2 Qd7 20. Re1 Nd6 21. Nd2
Re8 22. Rxe8+ Qxe8 23. Kf1 Qe6 24. h3 Qf5 (24... g6 {seems wilder.} 25. Nb3 Ne4
26. Nd2 Ng5 27. Nb3 Qd6) 25. Qxf5 Nxf5 $11 {[%mdl 4096] Endgame KN-KN} 26. Ke2
Nd6 27. Nb3 b6 28. Nc1 Kf7 29. Nd3 Ke7 30. Nf4 Nc4 31. Nd3 Nd6 32. Nf4 Nc4 33.
Nd3 Nd6 {Not much happened in this game.  Weighted Error Value: White=0.02/
Black=0.03} 1/2-1/2

[Event "Skilling Open CCT 2021"]
[Site "Online"]
[Date "2020.11.19"]
[Round "15.8"]
[White "Ding, Liren"]
[Black "Giri, Anish"]
[Result "1/2-1/2"]
[WhiteElo "2836"]
[BlackElo "2731"]
[Annotator "TA"]
[PlyCount "125"]
[EventDate "2020.11.20"]
[EventType "tourn"]
[EventCountry "NET"]
[Tiebreak "Koya+Number of black wins+Number of wins"]
[SourceTitle "playchess.com"]
[Source "ChessBase"]
[SourceQuality "1"]

{[%evp 12,125,27,0,19,0,0,0,0,0,0,0,0,0,0,0,0,-7,0,-12,0,0,0,0,0,0,0,-35,0,-9,
0,0,0,0,0,-12,-3,-14,0,0,0,0,0,0,0,-12,-12,-21,-22,-29,-29,-52,-52,-62,-62,-62,
-62,-62,-62,-65,-58,-58,-56,-90,-90,-79,-53,-60,-60,-60,-8,-8,-8,-8,-8,-8,-8,
-8,-8,-8,-8,-8,-7,-7,0,0,0,-8,-7,-7,0,-8,0,0,0,0,0,0,0,0,0,0,0,0,0,0,0,0,0,0,0,
0,0,0,0,0]} 1. c4 Nf6 2. g3 c6 3. Bg2 d5 4. Nf3 dxc4 5. O-O Nbd7 6. Na3 Nb6 7.
Qc2 Be6 {A11: English Opening: 1...c6.} 8. Ne5 {[%cal Ra3c4]} h5 9. Naxc4 Nxc4
10. Nxc4 h4 11. Ne5 hxg3 12. hxg3 Qd4 13. Qc3 ({Not} 13. Bxc6+ $2 Kd8 $19)
13... Qd6 14. d4 Rd8 {[#]} 15. Qa5 $146 ({Predecessor:} 15. b3 Qxd4 16. Qxd4
Rxd4 17. Be3 Rd8 18. Bxa7 Bd5 19. Bb6 Bxg2 20. Kxg2 Rd5 21. Nc4 {1/2-1/2 (30)
Quinones Borda,J (2406)-Paredes,C (2467) ICCF email 2017}) 15... Bh3 16. Qxa7
Bxg2 17. Kxg2 Qxd4 18. Qxd4 Rxd4 19. Be3 Rd5 (19... Re4 $5 {[%cal Re4e5]} 20.
Nd3 Ng4 $15) 20. f4 g5 21. a4 gxf4 22. gxf4 Nd7 23. Nc4 Bg7 24. Rad1 b5 25.
axb5 Rxb5 26. Rd2 Nf6 27. Ra1 {[#] Intending Ra8+ and mate.} Nd5 28. Ra8+ Kd7
29. Rxh8 Bxh8 30. Kf3 Rb4 31. Nb6+ Ke6 32. Nxd5 cxd5 $15 {[%mdl 4096] Endgame
KRB-KRB} 33. Bc5 Rb3+ 34. e3 Bxb2 35. f5+ {[%mdl 64] [#] Decoy} Kxf5 {
Threatens to win with ...e6.} 36. Rxd5+ e5 37. Ba7 Ke6 38. Ra5 Bd4 39. Bxd4
exd4 {KR-KR} 40. Ke4 Rxe3+ (40... dxe3 $15 41. Kf4 Kd6) 41. Kxd4 $11 {The
position is equal.} Re1 42. Ra2 f6 43. Rb2 Kf7 44. Rf2 Kg6 {And now ...f5
would win.} 45. Rg2+ Kh5 {aiming for ...f5.} 46. Rf2 Kg5 {...f5 is the strong
threat.} 47. Rg2+ Kf5 (47... Kh4 $5 48. Rf2 $8 Kg5 49. Rg2+ Kf5 $11) 48. Rf2+
Ke6 49. Ra2 Ke7 50. Ra7+ Ke6 51. Ra2 f5 {Strongly threatening ...f4.} 52. Ra6+
Kf7 53. Kd3 Kg7 54. Kd2 Re5 55. Kd3 Kf7 56. Rb6 Re7 57. Ra6 Kg7 58. Rb6 f4 59.
Rb4 f3 60. Rf4 Rf7 61. Rxf7+ Kxf7 62. Ke3 f2 63. Kxf2 {Weighted Error Value:
White=0.04/Black=0.05} 1/2-1/2